[Event "FIDE-Wch k.o."]
[Site "Tripoli"]
[Date "2004.06.19"]
[Round "1.1"]
[White "Carlsen, Magnus"]
[Black "Aronian, Levon"]
[Result "1/2-1/2"]
[WhiteElo "2552"]
[BlackElo "2645"]
[Annotator "Golod,Vitali"]
[PlyCount "62"]
[EventDate "2004.06.19"]
[EventType "k.o."]
[EventRounds "7"]
[EventCountry "LBY"]
[SourceTitle "CBM 102"]
[Source "ChessBase"]
[SourceDate "2004.09.23"]
[SourceVersion "1"]
[SourceVersionDate "2004.09.23"]
[SourceQuality "1"]

1. d4 Nf6 2. c4 e6 3. Nc3 Bb4 4. Qc2 O-O 5. e4 d5 6. e5 ({After:} 6. cxd5 exd5 7. e5 Ne4 8. Bd3 c5 {with rearrangement of moves we receive a position from a game.}) 6... Ne4 7. Bd3 {In my opinion this line is better,than:} (7. Nf3) ({or} 7. a3) 7... c5 8. cxd5 $5 {Besides,White has several alternatives:} (8. Nge2 $5 {You can see my annotations to Hillarp Persson,T-Polgar,J/Sigeman & Co,2000/CBM 77(½-½)(29)}) (8. a3) ({and} 8. dxc5) 8... exd5 9. Nge2 cxd4 10. Nxd4 Nd7 11. f4 Qh4+ 12. g3 Qh3 ({Unexpectedly at once loses a game:} 12... Nxg3 $4 {because of:} 13. Qf2 {[%csl Gf2,Rg3,Rh4]} Nc5 14. Bc2 Nce4 15. Bxe4 dxe4 16. Qxg3 $18) 13. Bd2 $5 ({On:} 13. Bf1 $5 {You can find ten games in Mega DataBase 2004. For an example you can see my comments to Ahlander,B-Wedberg,T/Stockholm,1999/CBM 73(1-0)(43)}) ({It was badly:} 13. Bxe4 $2 dxe4 14. Qxe4 Nc5 {with strong initiative behind pawn.}) 13... Nxd2 ({Also in this position were checked the following moves:} 13... Bxc3) ({and} 13... Nxg3 $5) 14. Qxd2 Nc5 15. Bf1 (15. a3 $6 Bxc3 16. Qxc3 (16. bxc3 $142) 16... Qg2 17. O-O-O Bg4 18. Rdg1 Qf2 19. Bc2 (19. Kb1 $5 $15) 19... Rac8 20. Kb1 (20. Qd2 $4 Qxd4 21. Qxd4 Nb3+) 20... Ne4 21. Qd3 Rc4 22. Rd1 Rfc8 23. Rhf1 Rxd4 $1 24. Rxf2 Rxd3 $19 {Cramling,P-Xu Yuhua/Shenyang,2000(0-1)(35)}) 15... Qh6 $5 $146 {The queen passes to more convenient position.} ({The game,which have reached this position were continued as follows:} 15... Qh5 $5 16. Bg2 Ne4 17. Qe3 Bh3 18. O-O Bxc3 19. bxc3 Rfc8 20. Rac1 Bxg2 21. Kxg2 Rc4 22. f5 $132 {Cramling,P-Xu Yuhua/Shenyang,2000(1-0)(77)}) 16. Bg2 ({A little prematurely:} 16. a3 $6 {in view of:} Ne4 $1 (16... Bxc3 $143 17. Qxc3 Ne4 18. Qb3 $13 (18. Qe3 $143 Re8 {[%csl Re3,Gh6][%cal Ge8e5]})) 17. Qd3 (17. Qe3 $143 Bxc3+ 18. bxc3 Re8 {[%csl Re3,Gh6][%cal Ge8e5]}) 17... Bxc3+ (17... Ba5 $143 18. Bg2 {0-0}) 18. bxc3 Bh3 $15) 16... Qa6 $1 {a6-f1; ×d3,e1} 17. Qe2 ({It was weakly:} 17. Rd1 $2 {because of:} Bg4 18. Bf3 Bxf3 19. Nxf3 Ne4 $17) 17... b6 $146 {This move is the "harbinger" of active actions in this game.} ({Leads to benefit of the contender:} 17... Nd3+ $6 18. Kd2 $140 Nxb2 19. Qxa6 bxa6 20. Kc2 $1 (20. Bxd5 $6 Rd8 (20... Rb8 $2 21. Nc6 $16) 21. Bxa8 Rxd4+ 22. Kc2 Nc4 $44 23. Rac1 $140 Bf5+ 24. Kb3 Na5+ 25. Kb2 Rd2+ 26. Ka1 Ba3 $13) 20... Bxc3 (20... Nc4 $6 21. Nxd5 $16) 21. Kxc3 Na4+ 22. Kd2 {/}) ({RR} 17... Qc4 18. O-O-O Bxc3 19. Qxc4 dxc4 20. bxc3 Nd3+ 21. Rxd3 cxd3 22. Rd1 Rd8 23. Be4 g6 24. Rxd3 Be6 25. Rd2 Bd5 26. Bd3 Rac8 27. Kb2 Rc5 28. g4 Bc4 29. Bxc4 Rxc4 30. f5 Rc5 31. Re2 Re8 32. e6 {Nasri,A (2364)-Drozdovskij,Y (2581) Dubai 2008 0-1 (53)}) 18. Bxd5 $6 {After this inaccurate move White will have to fight for equality.} ({It deserves serious attention:} 18. Qxa6 $1 Bxa6 $140 19. Nc6 Bxc3+ (19... Nd3+ $143 20. Kd2 {/}) 20. bxc3 $14) 18... Nd3+ $36 19. Kf1 $5 ({Leads to favourable complications for Black:} 19. Kd2 $6 Rd8 $1 20. Bxa8 (20. Bxf7+ $143 Kxf7 21. Qxd3 Bc5 $36) 20... Rxd4 21. Ke3 Bc5 $36 22. Kf3 $140 Nxe5+ $1 23. Kg2 (23. Qxe5 $4 Rd3+ 24. Kg2 Rd2+ 25. Kf3 Qd3+) (23. fxe5 $4 Bg4+) 23... Bb7+ 24. Bxb7 Qxb7+ 25. Kh3 Qd7+ 26. f5 (26. g4 $2 Ng6 $19) 26... Qxf5+ 27. Kg2 Qf6 $1 (27... Rd2 $143 28. Qxd2 Qf3+ 29. Kh3 Qg4+ 30. Kg2 Qf3+ $11) 28. Rhd1 $140 Qc6+ 29. Kh3 Nd3 $1 $40 {[%csl Yc6,Yd7,Rh3][%cal Yc6d7]}) 19... Bh3+ 20. Bg2 Bxg2+ {For Black it's certainly favourable to exchange these bishops.} 21. Kxg2 $8 Rfd8 (21... Bxc3 $5 22. bxc3 Rac8 23. Qd2 Qb7+ $44 {c5}) 22. Ncb5 {Magnus Carlsen has chosen the necessary knight for a jump on a point "b5".} (22. Ndb5 $6 Rac8 23. a4 (23. Rhd1 $2 Rxc3 $1 (23... Bxc3 $143 24. Rxd3 $8 (24. Nxc3 $4 Rxc3 25. bxc3 $140 Nxf4+) 24... Rxd3 25. Qxd3 Bxb2 26. Rd1 $13) 24. Nxc3 (24. bxc3 $2 Qxb5 {[%csl Gb5,Re2,Rg2][%cal Gd3f4]}) 24... Bxc3 $17 25. Rxd3 $140 $2 Rxd3 {[%csl Ga6,Re2,Gg2][%cal Gd3g3]}) 23... Bxc3 24. bxc3 Qb7+ 25. Kg1 (25. Qf3 $4 Ne1+ 26. Rhxe1 Rd2+) 25... Qd5 $36) 22... Rxd4 $1 (22... Bc5 $6 23. Rad1 Qb7+ (23... Bxd4 $143 24. Qxd3 Qb7+ 25. Qf3 $1 (25. Kh3 Qc8+ 26. Kh4 $14) 25... Qxf3+ 26. Kxf3 Bxb2 27. Nxa7 {[%csl Rg8]} h5 28. Rxd8+ Rxd8 29. Rb1 $16) 24. Nf3 Nf2 25. Rxd8+ Rxd8 26. Re1 Ng4 27. Qe4 Qd7 28. Nc3 {/}) 23. Nxd4 $140 Rd8 {[%csl Ga6,Gd3,Yd4,Gd8,Re2,Rg2][%cal Gd8d4,Yd4e2,Gd3f4]} 24. Qe4 {White had no other worthy alternative:} (24. e6 $2 Rxd4 25. exf7+ (25. e7 $4 Nxf4+) 25... Kxf7 26. Qh5+ Kg8 27. Qe8+ Bf8 28. Qe6+ Kh8 $17) 24... Qc4 25. b3 Qxd4 (25... Rxd4 $4 {is refuted by:} 26. Qa8+ Bf8 27. bxc4) 26. Qxd4 Rxd4 27. Rad1 {f3-e2} Bd2 $5 {Levon Aronian uses a beautiful tactical dodge.} (27... Bc5 $5 28. Kf3 Kf8 (28... a5 $143 29. Ke2 Nb4 30. Rxd4 Bxd4 31. Rd1 Nc6 32. Kd3 $14) 29. Ke2 Nb4 30. Rxd4 Bxd4 31. Rd1 Bc5 $11) 28. Rhf1 (28. Rxd2 $2 Nxf4+ 29. gxf4 Rxd2+ 30. Kf3 Rxa2 31. Rc1 h5 32. Rc8+ Kh7 $15) 28... g5 $1 {Black provokes a movements of pawn "f4" with the purpose to create of weakness in camp of the contender.} (28... Nb4 $6 29. Rf2 Be3 30. Rxd4 Bxd4 31. Rd2 Nc6 32. Kf3 {e4 }) 29. Kf3 ({Also leads to equality:} 29. Rxd2 Nxf4+ 30. gxf4 Rxd2+ 31. Rf2 $11) 29... Nb2 (29... gxf4 $2 30. Rxd2 Nxe5+ 31. Ke2 Re4+ 32. Kd1 f3 $16) 30. Rb1 Nd3 $11 31. Rbd1 {Drawn game is inevitable.} (31. Rfd1 $143 Nc5 32. fxg5 Ne4 {[%csl Rb1,Rd1,Rg5][%cal Ge4c3] =/}) 31... Nb2 {This game was very interesting and important for the theory of this variation.} 1/2-1/2

[Event "Dortmund SuperGM 37th"]
[Site "Dortmund"]
[Date "2009.07.12"]
[Round "10"]
[White "Carlsen, Magnus"]
[Black "Bacrot, Etienne"]
[Result "1/2-1/2"]
[WhiteElo "2772"]
[BlackElo "2721"]
[PlyCount "77"]
[EventDate "2009.07.02"]
[EventType "tourn"]
[EventRounds "10"]
[EventCountry "GER"]
[EventCategory "20"]
[SourceTitle "CBM 131"]
[Source "ChessBase"]
[SourceDate "2009.07.15"]
[SourceVersion "1"]
[SourceVersionDate "2009.07.15"]
[SourceQuality "1"]

1. d4 {Marin,Mihail} Nf6 2. c4 e6 3. Nc3 Bb4 4. Qc2 O-O 5. a3 Bxc3+ 6. Qxc3 d5 7. e3 b6 8. Nf3 Bb7 9. b3 Nbd7 10. Be2 c5 11. O-O Rc8 12. a4 dxc4 13. bxc4 Qc7 14. Rd1 $146 ({RR} 14. Bb2 Bxf3 15. gxf3 cxd4 16. Qxd4 ({RR} 16. exd4 Nd5) 16... e5 17. Qh4 Rfe8 18. Kh1 Nf8 19. Qh3 a5 20. Rfd1 Rcd8 21. Qf5 Rxd1+ 22. Rxd1 N8d7 23. c5 Nxc5 24. Bb5 Re6 25. Kg1 g6 26. Qc2 Rd6 27. Rc1 Qe7 28. Ba3 Nfd7 {Vitiugov,N (2694)-Karjakin,S (2723) Khanty-Mansiysk 2009 CBM 134 [Marin,Mihail] 0-1 (47)}) ({RR} 14. Ba3 Rfd8 15. Rfd1 Bxf3 16. Bxf3 cxd4 17. Rxd4 e5 18. Rd6 e4 19. Be2 Nc5 20. Rxd8+ Rxd8 21. a5 bxa5 22. h3 Rb8 23. Bxc5 Qxc5 24. Rxa5 Qc7 25. Ra1 Nd7 26. Qa3 Rb7 27. Rd1 h6 28. Qe7 Nf6 {Pultorak,J (2310)-Punin,A (2259) Lvov 2016 ½-½}) 14... Rfd8 ({RR} 14... Bxf3 15. gxf3 cxd4 16. exd4 Nd5 17. Qd2) 15. Bb2 cxd4 ({RR} 15... Bxf3 16. Bxf3 cxd4 17. Rxd4 e5 18. Rd2 Qxc4 19. Qxc4 Rxc4 20. Rad1 Rdc8 21. g4) 16. exd4 Qf4 17. Qe3 Qxe3 18. fxe3 a5 19. Nd2 Ne4 20. Nxe4 Bxe4 21. Rdc1 Nc5 22. Ra3 Bc6 23. Bc3 Nxa4 24. Be1 Be8 25. Rb1 e5 26. Bh4 f6 27. dxe5 b5 28. cxb5 Nc3 29. Rb2 Nxe2+ 30. Rxe2 Rd1+ 31. Re1 Rcc1 32. Rxd1 Rxd1+ 33. Kf2 g5 34. Bg3 Bxb5 35. e4 fxe5 36. Rxa5 Rb1 37. Bxe5 Bc6 38. Bc3 Rb5 39. Rxb5 1/2-1/2

[Event "Titled Tue 27th Aug Late"]
[Site "chess.com INT"]
[Date "2024.08.27"]
[Round "8"]
[White "Carlsen, M.."]
[Black "Borges Feria, Y.."]
[Result "1-0"]
[WhiteElo "2832"]
[BlackElo "2439"]
[PlyCount "75"]
[EventDate "2024.08.27"]

1. d4 Nf6 2. c4 e6 3. Nc3 Bb4 4. a3 Bxc3+ 5. bxc3 Nc6 6. f3 b6 7. e4 Ba6 8. Bd3 Na5 9. Qe2 d6 10. f4 ({RR} 10. Bg5 h6 11. Bh4 g5 12. Bf2 Qd7 13. e5 Nh5 14. Nh3 dxe5 15. O-O O-O-O 16. c5 Bxd3 17. Qxd3 Kb8 18. Rab1 exd4 19. Qa6 Nc6 20. cxd4 Qc8 21. Qa4 Ne7 22. d5 Nxd5 23. Rfc1 Qb7 24. Qc4 Ka8 {Donchenko,A (2646)-Vitiugov,N (2722) Playchess.com INT 2020 1-0 (53)}) 10... Nd7 11. Nf3 O-O $146 ({RR} 11... c5 12. O-O cxd4 13. cxd4 Rc8 14. Nd2 O-O 15. Bb2 e5 16. Rac1 Qe7 17. Kh1 f6 18. Nf3 Nb3 19. Rc2 Nxd4 20. Bxd4 exd4 21. Nxd4 Nc5 22. Nf5 Qd7 23. Rc3 Rfe8 24. Qg4 Kh8 25. Qh4 Nxe4 26. Bxe4 {Agibileg,U (2366)-Bjerre,J (2637) chess.com INT 2025 0-1 (39)}) 12. O-O c5 13. e5 g6 14. Ng5 Nb3 15. Rb1 Nxc1 16. Rbxc1 cxd4 17. Ne4 dxc3 18. Nxd6 Nc5 19. Rxc3 Nb7 20. c5 Bxd3 21. Rxd3 Nxc5 22. Rd4 Qe7 23. Rfd1 Rad8 24. Qe3 Rd7 25. h4 Rfd8 26. h5 Nb7 27. h6 Nc5 28. Qg3 Kf8 29. Kh2 Nb7 30. Qc3 Nc5 31. Kg1 Kg8 32. Qg3 Kf8 33. a4 Nb7 34. Qc3 Nc5 35. a5 Kg8 36. Qb4 Qf8 37. axb6 axb6 38. Qxb6 1-0

[Event "Norway Chess 8th"]
[Site "Stavanger"]
[Date "2020.10.08"]
[Round "4"]
[White "Carlsen, Magnus"]
[Black "Caruana, Fabiano"]
[Result "1-0"]
[WhiteElo "2863"]
[BlackElo "2828"]
[PlyCount "101"]
[EventDate "2020.10.05"]
[EventType "tourn"]
[EventRounds "10"]
[EventCountry "NOR"]
[EventCategory "21"]
[SourceTitle "CBM 199"]
[Source "ChessBase"]
[SourceDate "2020.12.01"]
[SourceVersion "1"]
[SourceVersionDate "2020.12.01"]
[SourceQuality "1"]

1. d4 Nf6 2. c4 e6 3. Nc3 Bb4 4. Qc2 O-O 5. a3 Bxc3+ 6. Qxc3 d5 7. Bg5 dxc4 8. Qxc4 b6 9. Rd1 Ba6 10. Qa4 h6 11. Bh4 Qd7 12. Qc2 Qc6 13. Qxc6 Nxc6 14. Bxf6 gxf6 15. e3 Bxf1 16. Kxf1 Na5 17. Nf3 Nc4 $146 ({RR} 17... Rac8 18. Ke2 c5 19. dxc5 bxc5 20. Rd7 Nc4 21. Rc1 Nxb2 22. Rc2 Na4 23. Rxa7 Ra8 24. Rxa8 Rxa8 25. Nd2 Nb6 26. Rb2 Ra6 27. Ne4 Nd5 28. Ra2 c4 29. Kd2 f5 30. Nc3 Nxc3 31. Kxc3 Ra4 32. Kb2 {Wang,H (2763)-Radjabov,T (2765) Chess.com INT 2020 ½-½ (37)}) 18. Rb1 c5 19. Ke2 Rfc8 20. Rhc1 Nd6 21. dxc5 bxc5 22. Rc2 Kf8 23. Nd2 c4 24. Rbc1 Rab8 25. Kf3 c3 26. bxc3 Rc5 27. c4 f5 28. Ke2 Ke7 29. Kd3 Kd7 30. Rc3 Rc6 31. c5 Ne8 32. Nf3 Ra6 33. Ne5+ Ke7 34. Ke2 Nf6 35. R1c2 Nd5 36. Rd3 Rc8 37. Rb3 Rc7 38. Rc4 Ra5 39. Nd3 e5 40. Nxe5 Raxc5 41. Rxc5 Rxc5 42. Rb7+ Ke6 43. Nxf7 Ra5 44. Nd8+ Kd6 45. Rb3 Ra6 46. Nf7+ Kc5 47. Ne5 h5 48. Kd2 h4 49. Nd3+ Kc4 50. Kc2 Rd6 51. Nf4 1-0

[Event "chess.com SpeedChess 2022"]
[Site "chess.com INT"]
[Date "2022.12.13"]
[Round "2.11"]
[White "Carlsen, M.."]
[Black "Caruana, F.."]
[Result "1-0"]
[WhiteElo "2859"]
[BlackElo "2766"]
[PlyCount "85"]
[EventDate "2022.11.23"]
[EventType "k.o."]

1. d4 Nf6 2. c4 e6 3. Nc3 Bb4 4. Qc2 O-O 5. a3 Bxc3+ 6. Qxc3 d5 7. cxd5 Ne4 8. Qc2 exd5 9. Bf4 Nc6 10. e3 Re8 11. Nf3 g5 12. Bg3 h5 13. Bd3 $146 ({RR} 13. Ne5 Bd7 14. Nxc6 Bxc6 15. O-O-O h4 16. Be5 Re6 17. f3 Be8 18. Kb1 Rc6 19. Qe2 f6 20. fxe4 Bg6 21. Qg4 Bxe4+ 22. Bd3 Bxd3+ 23. Rxd3 Qc8 24. Qf3 fxe5 25. Rf1 Qe6 26. dxe5 Rd8 27. e4 d4 {Enchev,I (2435)-Ninov,N (2513) Albena 2011 1-0 (33)}) 13... h4 14. Be5 Bf5 15. h3 Nxe5 16. dxe5 Qe7 17. b4 Rac8 18. O-O Bg6 19. Rac1 c6 20. Rfe1 b6 21. Nh2 Qxe5 22. f3 Ng3 23. Bxg6 fxg6 24. Qxg6+ Qg7 25. Rxc6 Qxg6 26. Rxg6+ Kf7 27. Rxg5 d4 28. Ng4 Rc3 29. e4 Rd8 30. e5 Rc6 31. f4 d3 32. f5 d2 33. e6+ Ke7 34. Rg7+ Kd6 35. Rd1 Rc1 36. Ne3 Ke5 37. Rd7 Rdc8 38. R7xd2 Ke4 39. Kf2 Nxf5 40. Rxc1 Rxc1 41. Nxf5 Kxf5 42. e7 Rc8 43. Rd8 1-0

[Event "Titled Tue 1st Apr Early"]
[Site "chess.com INT"]
[Date "2025.04.01"]
[Round "5"]
[White "Carlsen, M.."]
[Black "Daneshvar, Bardiya"]
[Result "1-0"]
[WhiteElo "2833"]
[BlackElo "2609"]
[PlyCount "35"]
[EventDate "2025.04.01"]

1. d4 Nf6 2. c4 e6 3. Nc3 Bb4 4. Nf3 O-O 5. e3 b6 6. Bd3 Bb7 7. O-O Bxc3 8. bxc3 c5 9. Nd2 Nc6 10. Nb3 d6 11. e4 e5 12. d5 Ne7 13. f4 exf4 14. Bxf4 Ng6 15. Bg5 Qe8 $146 ({RR} 15... Ne5 16. Rf4 h6 17. Bxf6 gxf6 18. Qh5 Kg7 19. Rg4+ Nxg4 20. Qxg4+ Kh8 21. e5 Rg8 22. Qf4 Qf8 23. exf6 Re8 24. Nd2 Bc8 25. Ne4 Rg4 26. Qf3 Re5 27. h3 Rg8 28. Kh1 Bf5 29. Nf2 Bxd3 30. Nxd3 {Ben Artzi,I (2397)-Soffer,R (2469) Kiryat Ono 2015 0-1 (37)}) 16. Rxf6 gxf6 17. Bxf6 Qd7 18. Qh5 1-0

[Event "Sinquefield Cup 7th"]
[Site "Saint Louis"]
[Date "2019.08.25"]
[Round "8"]
[White "Carlsen, Magnus"]
[Black "Ding, Liren"]
[Result "1/2-1/2"]
[WhiteElo "2882"]
[BlackElo "2805"]
[PlyCount "84"]
[EventDate "2019.08.17"]
[EventType "tourn"]
[EventRounds "11"]
[EventCountry "USA"]
[EventCategory "22"]
[SourceTitle "CBM 192"]
[Source "ChessBase"]
[SourceDate "2019.10.31"]
[SourceVersion "1"]
[SourceVersionDate "2019.10.31"]
[SourceQuality "1"]

1. d4 Nf6 2. c4 e6 3. Nc3 Bb4 4. Nf3 O-O 5. Bg5 c5 6. Rc1 h6 7. Bh4 cxd4 8. Nxd4 d5 9. cxd5 g5 10. Bg3 Qxd5 11. e3 Qxa2 12. Qc2 Nd5 13. h4 Nxc3 14. bxc3 Qxc2 15. Rxc2 Be7 16. hxg5 hxg5 17. f4 Nc6 18. fxg5 Bxg5 19. Rh5 $146 ({RR} 19. Nf3 Bf6 20. Bd3 Rd8 21. Be4 a5 22. Bc7 Rd7 23. Bb6 a4 24. Ke2 a3 25. g4 a2 26. Ra1 Nb4 27. Rcc1 Nd5 28. Bd4 Rc7 29. Bxd5 Bxd4 30. Nxd4 exd5 31. Kd2 Rc5 32. Rc2 Rca5 33. g5 Kg7 {Moroni,L (2573)-Sebenik,M (2481) Mestre 2021 ½-½ (35)}) ({RR} 19. Nf3 Bf6 20. Bd3 Rd8 21. Be4 a5 22. Bc7 Rd7 23. Bb6 a4 24. Ke2 a3 25. g4 a2 26. Ra1 Nb4 27. Rcc1 Nd5 28. Bd4 Rc7 29. Bxd5 Bxd4 30. Nxd4 exd5 31. Kd2 Rc5 32. Rc2 Rca5 33. g5 Kg7 {Moroni,L (2573)-Sebenik,M (2481) Mestre 2021 ½-½ (35)}) 19... f6 20. Nf3 Bxe3 21. Re2 Bc1 22. Re4 e5 23. Bc4+ Kg7 24. Reh4 Kg6 25. Rh7 Bg4 26. Bd3+ f5 27. Nxe5+ Nxe5 28. Bxe5 Kg5 29. g3 Rg8 30. Rxb7 Rae8 31. Rb5 Rg6 32. Kf2 Rb6 33. Rxb6 axb6 34. Rh1 Rxe5 35. Rxc1 f4 36. gxf4+ Kxf4 37. Rb1 Rc5 38. Rb4+ Kg5 39. Rxb6 Rxc3 40. Ke3 Bf5 41. Rd6 Rxd3+ 42. Rxd3 Bxd3 1/2-1/2

[Event "Titled Tue 30th Jul Late"]
[Site "chess.com INT"]
[Date "2024.07.30"]
[Round "7"]
[White "Carlsen, M.."]
[Black "Erigaisi, Arjun"]
[Result "1-0"]
[WhiteElo "2832"]
[BlackElo "2778"]
[PlyCount "79"]
[EventDate "2024.07.30"]

1. d4 Nf6 2. c4 e6 3. Nf3 b6 4. Nc3 Bb4 5. Qc2 Bb7 6. a3 Bxc3+ 7. Qxc3 d6 8. g3 c5 9. Bg2 ({RR} 9. dxc5 bxc5 10. Bg2 O-O 11. O-O a5 12. b3 h6 13. Rd1 Qe7 14. Bb2 Rd8 15. b4 axb4 16. axb4 cxb4 17. Qxb4 Rxa1 18. Bxa1 Be4 19. Bxf6 gxf6 20. Nd4 Bxg2 21. Kxg2 Kg7 22. h4 Qc7 23. Qb5 Rc8 {Kim,S (2295)-Kramnik,V (2753) chess.com INT 2023 0-1 (54)}) 9... cxd4 10. Qxd4 Nc6 11. Qd3 $146 ({RR} 11. Qc3 Rc8 12. O-O Na5 13. b3 d5 14. Bg5 O-O 15. Ne5 Ne4 16. Bxe4 Qxg5 17. f4 Qd8 18. Bf3 f6 19. Nd3 dxc4 20. Bxb7 Nxb7 21. bxc4 Nd6 22. Nb2 b5 23. Qe3 bxc4 24. Qxe6+ Kh8 25. Rfd1 Qb6+ {Ivanov,S (2261)-Kurajica,B (2529) Rijeka 2010 0-1 (59)}) 11... O-O 12. O-O Rc8 13. b4 d5 14. cxd5 Qxd5 15. Qxd5 Nxd5 16. Bb2 Nce7 17. Rfc1 Nf6 18. Ne5 Bxg2 19. Kxg2 Rxc1 20. Rxc1 Rc8 21. Rxc8+ Nxc8 22. Nc6 Nd7 23. b5 f6 24. f4 Kf7 25. Bd4 Ke8 26. Kf3 Nf8 27. e4 Kd7 28. h4 Kc7 29. h5 a6 30. h6 gxh6 31. Bxf6 axb5 32. Nd4 h5 33. Bg7 Nd7 34. Nxe6+ Kd6 35. Nd4 Kc5 36. e5 Kc4 37. e6 Nc5 38. f5 Nd6 39. f6 Nde4 40. e7 1-0

[Event "Titled Tue 20th Aug Late"]
[Site "chess.com INT"]
[Date "2024.08.20"]
[Round "2"]
[White "Carlsen, M.."]
[Black "Fiorito, Francisco"]
[Result "1-0"]
[WhiteElo "2832"]
[BlackElo "2416"]
[PlyCount "77"]
[EventDate "2024.08.20"]

1. d4 Nf6 2. c4 e6 3. Nc3 Bb4 4. a3 Bxc3+ 5. bxc3 d6 6. f3 O-O 7. e4 e5 8. Ne2 ({RR} 8. Bd3 Nh5 9. Qc2 Qh4+ 10. g3 Qf6 11. Qf2 Nc6 12. Ne2 Na5 13. Rb1 b6 14. h4 Ba6 15. g4 Nf4 16. Bxf4 exf4 17. g5 Qd8 18. Nxf4 Bxc4 19. Bxc4 Nxc4 20. Qa2 Na5 21. Kf2 c6 22. Rbg1 d5 {Ipatov,A (2472)-Oleksienko,M (2585) Lvov 2008 1-0}) 8... Nc6 ({RR} 8... b6 9. g4 Ba6 10. Ng3 Nc6 11. Bg5 h6 12. Be3 Na5 13. g5 Nh7 14. gxh6 g6 15. c5 Bxf1 16. Kxf1 Nc4 17. Bf2 Ng5 18. Qe2 Nxf3 19. h4 Ncd2+ 20. Kg2 f5 21. exf5 gxf5 22. Rad1 Nxh4+ 23. Rxh4 {Carlsen,M (2837)-Aarit Kapil (2078) chess.com INT 2025 ½-½ (49)}) 9. g4 $146 ({RR} 9. Ng3 Re8 10. Be2 b6 11. O-O Na5 12. f4 exd4 13. cxd4 Bb7 14. d5 Nxe4 15. Nxe4 Rxe4 16. Bd3 Qe7 17. Qc2 Re1 18. Bd2 Rxa1 19. Rxa1 c6 20. Re1 Qf6 21. Bxh7+ Kf8 22. Qe4 cxd5 23. cxd5 g6 {Steindl,J (2337)-Zoernpfenning,S (2080) Vienna AUT 2022 1-0}) 9... Na5 10. Ng3 c5 11. d5 b6 12. h4 Ba6 13. Bg5 h6 14. Bc1 Nh7 15. g5 Bxc4 16. Bxc4 Nxc4 17. Ra2 g6 18. gxh6 Kh8 19. Qa4 Na5 20. c4 a6 21. Bd2 Qf6 22. Ke2 Nb7 23. Qc6 Na5 24. Qa4 Nb7 25. Rb2 b5 26. cxb5 axb5 27. Qxb5 Rxa3 28. Rb3 Rxb3 29. Qxb3 Nd8 30. Qb6 Qe7 31. h5 Qb7 32. Qxd6 Qb5+ 33. Kf2 Qd3 34. Qxe5+ f6 35. Qc3 Qxc3 36. Bxc3 g5 37. Nf5 Nf7 38. Rb1 Nd6 39. Nxd6 1-0

[Event "11th Norway Armageddon"]
[Site "Stavanger NOR"]
[Date "2023.06.04"]
[Round "5.1"]
[White "Carlsen, M.."]
[Black "Giri, A.."]
[Result "1-0"]
[WhiteElo "2853"]
[BlackElo "2768"]
[PlyCount "57"]
[EventDate "2023.05.30"]

1. d4 {Krasenkow,Michal} Nf6 2. c4 e6 3. Nc3 Bb4 4. Qc2 O-O 5. a3 Bxc3+ 6. Qxc3 d5 7. cxd5 ({RR} 7. Bg5) 7... Ne4 ({RR} 7... exd5 8. Bg5 ({RR} 8. Bf4 Nc6 9. f3 Re8 ({RR} 9... Nh5 10. Be3 f5) 10. g4 h5 11. h3 Nd7 12. O-O-O Nb6 ({RR} 12... Nf8) 13. e3 Qe7 14. gxh5 Bf5 15. Ne2 Qf6 16. Ng3 Na4 17. Qd2 Bh7 18. Bb5) 8... Qd6 9. f3 Bf5 ({RR} 9... b6 10. Rc1 c6 11. e3 Re8 12. Kf2 Bb7 13. Bd3 Nbd7 14. Ne2 c5 15. Ng3 c4 16. Bb1 b5 17. Nf5 Qb6 18. g4) 10. e3 Nbd7 11. Ne2 Rac8 12. b4 Rfe8 13. Bf4 Qe7 14. g4 Be6 15. h4 Nf8 16. h5 h6 17. Ng3 N8h7 18. Qc5) 8. Qc2 exd5 9. Bf4 ({RR} 9. e3 Bf5 10. Bd3 Bg6 ({RR} 10... c5 11. dxc5 Nd7 12. Ne2 Ndxc5 13. Bxe4 Nxe4 14. Nd4 Bg6 15. Qd1) 11. Ne2 Nd6 12. O-O ({RR} 12. Nf4 Bxd3 13. Qxd3 c6 14. O-O Re8 15. b3 Nd7 16. a4 Nf8 17. Ba3 Ne6 18. Nxe6) 12... Bxd3 13. Qxd3 Nd7 14. b3 Re8 15. a4 c6 16. Ra2 Qh4 17. f3 Nf8 18. Ba3 Rad8 19. Ng3 g6 20. Re2 Ne6) 9... Bf5 ({RR} 9... c6 10. f3 Nd6 11. e3 Bf5 12. Qb3) 10. Qxc7 Qxc7 11. Bxc7 Rc8 12. Bf4 Rc2 ({RR} 12... Nc6 13. Rd1 Na5 14. g4 Bd7 15. f3 Nf6 16. Nh3 Ba4 17. Rd3 Rc2 18. b4 ({RR} 18. Rd2) 18... Nc4 19. Kf2 Re8 20. Bg5 Nd7 21. Bh4 Nb2) 13. f3 Nf6 14. g4 Be6 $146 ({RR} 14... Bg6 15. h4 ({RR} 15. Rc1 Nc6 16. Rxc2 Bxc2 17. Kd2 Bg6 18. e3 Nxg4 19. Ne2) 15... Rxb2 16. h5 Bc2 17. e3 Ba4 18. Rh2 Rb3 19. Ne2 Nbd7 20. g5 Ne8 21. Nc1 Rb6 ({RR} 21... Rc3 22. Rb2 Nb6 23. Nd3) 22. Na2 ({RR} 22. Nd3 Bb5 23. Nc5 Rd8) 22... Nf8 ({RR} 22... Bb5 23. Nc3 Bc4 ({RR} 23... Bc6 24. e4) 24. Bxc4 dxc4 25. Rc2) 23. Nb4 ({RR} 23. Nc3 Bc6 ({RR} 23... Bb3 24. Rb2)) 23... Rd8 24. h6 ({RR} 24. Bh3 Ne6 25. Bxe6 Rxe6 26. Rc1) 24... Ne6 25. hxg7 Nxf4 26. exf4 Nxg7 ({RR} 26... a5 27. Nd3 Nxg7 28. Ne5) 27. Bd3 Ne6 ({RR} 27... h5 28. gxh6 Ne6 29. Kf2 a5 30. Rg1+ Kh8 31. h7 Nxf4 32. Rh4 Ng6 33. Bxg6 Rxg6 34. Rxg6 fxg6 35. Nd3) 28. f5 ({RR} 28. Bxh7+ Kg7) 28... Nf4 ({RR} 28... Nxd4 29. Kf2 Bd7 ({RR} 29... Bb5 30. Rah1 Bxd3 31. Rxh7 Bxf5 ({RR} 31... Kf8 32. Rh8+ Ke7 33. f6+ Kd7 34. Rxd8+ Kxd8 35. Nxd3) 32. Rh8+ Kg7 33. Rxd8) 30. f6 Bf5 31. Rah1 Rxb4 32. axb4 Bxd3 33. Rd1) 29. f6 {Morozevich,A (2751)-Alekseev,E (2714) Biel 2009 CBM 132 [Krasenkow,Michal] 1-0 (34)} {RR} Nxd3+ 30. Nxd3) 15. Rb1 Nc6 16. e3 Na5 17. Bd3 Rc6 18. Ne2 Nc4 19. Kf2 Rac8 20. Rhc1 b5 21. Bxc4 bxc4 22. b4 cxb3 23. Rxc6 Rxc6 24. Rxb3 Rb6 25. Rxb6 axb6 26. Nc3 h5 27. gxh5 Kh7 28. Bc7 Nd7 29. Kg3 1-0

[Event "chess.com SpeedChess 2022"]
[Site "chess.com INT"]
[Date "2022.12.06"]
[Round "1.24"]
[White "Carlsen, M.."]
[Black "Gukesh, D.."]
[Result "1-0"]
[WhiteElo "2859"]
[BlackElo "2725"]
[PlyCount "75"]
[EventDate "2022.11.23"]
[EventType "k.o."]

1. d4 Nf6 2. c4 e6 3. Nc3 Bb4 4. Nf3 d5 5. e3 O-O 6. a3 Bxc3+ 7. bxc3 c5 8. Qc2 Nc6 9. Bb2 ({RR} 9. a4 Re8 10. cxd5 exd5 11. dxc5 Ne4 12. Bd3 h6 13. Ba3 Qa5 14. O-O Nxc5 15. Bb5 Ne4 16. c4 a6 17. Bxc6 bxc6 18. cxd5 cxd5 19. Rfc1 Bd7 20. Bb2 Rac8 21. Qd1 Rxc1 22. Qxc1 Rc8 23. Qd1 Qb4 {Carlsen,M (2863)-Giri,A (2764) chess24.com INT 2020 1-0 (46)}) 9... b6 10. cxd5 exd5 11. c4 $146 ({RR} 11. Bd3 c4 12. Be2 Re8 13. O-O Ne4 14. Nd2 Bf5 15. Qd1 Nxd2 16. Qxd2 Na5 17. f3 Nb3 18. Qd1 Nxa1 19. Bxa1 Rxe3 20. f4 Qe7 21. Bf3 Be4 22. Bg4 f5 23. Qc1 Bd3 24. Bf3 Bxf1 25. Bxd5+ Kh8 {Ferraz,M (1998)-Jing,A (2254) chess.com INT 2025 0-1}) 11... Bg4 12. cxd5 Qxd5 13. Bc4 Qh5 14. Ne5 Rac8 15. Nxg4 Qxg4 16. d5 Na5 17. Be2 Qg6 18. Bd3 Qh6 19. Bf5 Rcd8 20. e4 Nb7 21. f3 Nd6 22. Bh3 Nh5 23. g3 f5 24. e5 Nb5 25. Rd1 Rfe8 26. Kf2 Nd4 27. Bxd4 cxd4 28. Rde1 Rc8 29. Qxf5 Rc3 30. Rhf1 d3 31. Kg2 d2 32. Rd1 Re3 33. d6 R3xe5 34. d7 Re2+ 35. Kh1 Rd8 36. Qd5+ Kh8 37. Qf5 Nf6 38. f4 1-0